| 000 | 00742nam a2200229 a 4500 | ||
|---|---|---|---|
| 001 | BRL_122 | ||
| 005 | 20190320210611.0 | ||
| 008 | 161012s19uu----mx-a######---#000-0#spa-# | ||
| 041 | _aspa | ||
| 044 | _amx | ||
| 050 | 4 |
_aML3485 _b.H57 1900 |
|
| 245 | 1 | 0 |
_aHistoria de la música popular en Sinaloa _cinvestigación de Manuel Flores Gastélum. |
| 260 |
_a[México] _bGobierno del Estado de Sinaloa, DIFOCUR _c[19--?] |
||
| 300 |
_a78 p. _bil. _c21 cm. |
||
| 440 | 0 |
_aSerie Rescate y divulgación _922788 |
|
| 500 | _aAu114 | ||
| 504 | _aIncluye referencias bibliográficas | ||
| 650 | 1 | 4 |
_aMúsica popular, canciones, etc. _xHistoria _zSinaloa, México _922969 |
| 700 | 1 |
_aFlores Gastélum, Manuel _922970 |
|
| 902 | _aGRL | ||
| 942 |
_2lcc _cB |
||
| 999 |
_c8935 _d8935 |
||